مكتبة جامعة عجلون الوطنية

فهرس بحث المكتبة

Normal view MARC view
  • قسم التعريب والترجمة،إعداد/Wiles,Kimball تأليف

Entry Personal Name

Number of records used in: 1

001 - CONTROL NUMBER

  • control field: 22448

003 - CONTROL NUMBER IDENTIFIER

  • control field: JO-AjAnu

005 - DATE AND TIME OF LATEST TRANSACTION

  • control field: 20230606073856.0

008 - FIXED-LENGTH DATA ELEMENTS

  • fixed length control field: 230606|| aca||aabn | a|a d

040 ## - CATALOGING SOURCE

  • Original cataloging agency: JO-AjAnu
  • Transcribing agency: JO-AjAnu

100 ## - HEADING--PERSONAL NAME

  • Personal name: قسم التعريب والترجمة،إعداد/Wiles,Kimball تأليف

670 ## - SOURCE DATA FOUND

  • Source citation: Work cat.: (JO-AjAnu)11538: قسم التعريب والترجمة،إعداد/Wiles,Kimball تأليف, author, الإشراف التربوي رؤية تفاعلية